000 00676nam a2200193Ia 4500
003 IN-BaIIA
008 211028s9999 xx 000 0 eng d
040 _cIIA Library
080 _a954
_bWIL-1
100 _aWilks, Mark
_911192
245 0 _aHistorical sketches of the south Indian history
_bvol. 1, from the earliest times to the last Muhammadan dynasty
_cMark Wilks and Murray Hammick
250 _a2nd ed.
260 _aNew Delhi
_bCosmo Publications
_c1980
300 _alx, 453p.
650 _aHistory - South India
_911193
650 _aSouth India - history
_911194
700 _aHammick, Murray
_911195
942 _cBK
999 _c6540
_d6540